Pays les plus proches de la Thaïlande - une minute sprint - Statistiques

Statistiques générales
  • Ce quiz a été pris 168 fois
  • Le résultat moyen est 15 sur 20
Statistiques - réponses
km pays % Correct
115 Chine
95%
0 Laos
94%
486 Inde
93%
104 Viêt Nam
92%
0 Birmanie
91%
0 Cambodge
89%
301 Indonésie
89%
0 Malaisie
89%
524 Singapour
74%
2053 Japon
70%
993 Bhoutan
68%
1258 Népal
68%
1440 Philippines
64%
1734 Taïwan
62%
579 Bangladesh
61%
1810 Sri Lanka
55%
2766 Corée du Sud
53%
2396 Mongolie
53%
1341 Brunei
52%
2648 Pakistan
50%
Aucun quiz correspondant
Distribution des résultats
% des personnes avec chaque résultat
Percentile par nombre de réponses
Votre historique - résultats
Vous n’avez pas pris ce quiz